000 01032nam0a2200313 4500
001 RU\NLR\ONL2\17593
005 20250613131615.0
010 _a978-5-295-04879-1
_91000
035 _a(NLR Aleph) 009665178
090 _a9633404
_c9633404
100 _a20100531d2009 |||y0rusy50 ca
101 0 _abak
102 _aRU
105 _ay |||||||||
200 1 _aАлтын шөнгөр
_eшигырзар
_fУрания Вахитова
210 _aӨфө
_cКитап
_d2009
215 _a94,[1] б.
_d14
225 1 _aЙэштэр тауышы
541 1 _6z01790
_aЗвон колокольчиков
_e(стихи).
_zrus
686 1 _aШ6(2=Баш)7-5
700 1 _aВахитова
_bУ. С.
_f1992-
_gУрания Спартак kызы
_4070
790 1 _6z01541
_aВахитова
_bУ. С.
_gУрания Спартаковна
_4070
801 0 _aRU
_bNLR
_c20100531
_gPSBO
852 _aNLR
_bОНЛ
_jБашк./1-914
942 _cBOOK
980 _aNB
980 _aONL_RF